| 000 | 00526nam a2200169 a 4500 | ||
|---|---|---|---|
| 001 | 000040304 | ||
| 005 | 20201002034038.0 | ||
| 008 | 130821s1982 xxcac 000 0 eng d | ||
| 020 | _a0717202135 | ||
| 040 |
_aDO-SdBNP _beng _cBNPHU |
||
| 082 | _axxx | ||
| 245 | 0 | 0 |
_aThe Americana annual 1982 / _ceditor Edward Humphrey. |
| 260 |
_aCanada : _bGrolier Incorporated, _c1982. |
||
| 300 |
_a606 p. : _bil., retrs. ; _c27 cm. |
||
| 500 | _aUna enciclopedia de los acontecimientos de 1981. | ||
| 700 | 1 |
_aHumphrey, Edward, _eed. _966589 |
|
| 999 |
_c39794 _d39794 |
||